| 000 | 00795nam a2200205Ia 4500 | ||
|---|---|---|---|
| 003 | GCL | ||
| 008 | 140319s9999 xx 000 0 ara d | ||
| 040 |
_aGCL / _cGCL |
||
| 082 | 0 | 4 |
_a382.1 _bو ج |
| 100 | 1 | _aوليد محمود عبدالناصر | |
| 245 | 1 | 0 |
_aجات العالم الثالث: النظام الشامل للافضليات التجارية فيما بين الدول النامية / _cوليد محمود عبدالناصر |
| 300 | _a80 ص | ||
| 490 |
_aكتاب الاهرام الاقتصادى _v0 |
||
| 650 | 0 | 4 | _aالاتفاقيات الدولية |
| 650 | 0 | 4 | _aالاحوال الاقتصادية |
| 650 | 0 | 4 | _aالاتفاقيات التجارية |
| 650 | 0 | 4 | _aالجات |
| 650 | 0 | 4 | _aالعلاقات الدولية الاقتصادية |
| 942 |
_2ddc _cBK |
||
| 999 |
_c51052 _d51052 |
||